000 01130nam a2200313 i 4500
001 4272
003 KOSZ 005
005 20191028133501.0
008 970903s1990 pl a f f |000 0 pol
015 _aPB 1990/4075
040 _aWA N
_cWA N
_dKOSZ 005/HR
046 _k1990
080 _a621.313
080 _a(075.8)
100 1 _aMatulewicz, Wacław
_eAutor
245 1 0 _aLaboratorium stanów przejściowych maszyn elektrycznych /
_cWacław Matulewicz, Dariusz Karkosiński ; Politechnika Gdańska.
250 _aWyd. 2 popr. i zm.
260 _aGdańsk :
_bWydaw. PG,
_c1990.
300 _a277 s. :
_brys., wykr. ;
_c24 cm.
504 _aBibliogr. s. 276-277.
521 _aSkrypt dla studentów III i IV roku Wydziału Elektrycznego.
658 _aInżynieria i technika
655 4 _aPodręczniki akademickie
650 4 _aMaszyny elektryczne
700 1 _aKarkosiński, Dariusz
_eAutor
710 _aWydawnictwo Politechniki Gdańskiej
_4pbl.
856 _uhttp://koha.tu.koszalin.pl/cgi-bin/koha/opac-detail.pl?biblionumber=4272
_yKatalog online BPK
942 _2UKD
_cKS
999 _c4272
_d4272